00390nam a2200121 a 4500008004100000050002200041110004400063245004900107260002300156350000900179650006100188650001900249060411s2004 ||||||||||||||||| || u aZAM.PER-NRFA(058) aZambia National Road Fund Agency (NRFA)10aNational Road Fund Agency annual report 2004 aLusakabNRFAc2004 a0.00 aRoads - Maintenance and repair - Handbooks, manuals, etc aTRANSPORTATION